Brand by Countries - Statistics

General Stats
  • This quiz has been taken 12 times
  • The average score is 6 of 15
Answer Stats
Country: Brand: % Correct
United States of America Amazon
60%
Sweden Ikea
60%
Egypt Samsung
50%
Russia Lada
40%
Argentina Mercado Libre
40%
United Kingdom Nivea
40%
Canada TD Bank
40%
Turkey A101
30%
Poland Allergo
30%
Australia Bunnings
30%
South Africa Checkers
30%
Mexico Corona
30%
Brazil Natura
30%
Denmark Rema 1000
30%
India Tata Group
30%
No matching quizzes found
Score Distribution
Percent of People with Each Score
Percentile by Number Answered
Your Score History
You have not taken this quiz